Khovel kidoupi nihna: (Record no. 6346)

MARC details
000 -LEADER
fixed length control field 00487nam a22001697a 4500
003 - CONTROL NUMBER IDENTIFIER
control field GBCCL
005 - DATE AND TIME OF LATEST TRANSACTION
control field 20241126110601.0
008 - FIXED-LENGTH DATA ELEMENTS--GENERAL INFORMATION
fixed length control field 180510b ||||| |||| 00| 0 eng d
040 ## - CATALOGING SOURCE
Transcribing agency gbc
082 ## - DEWEY DECIMAL CLASSIFICATION NUMBER
Classification number VER 940.53
Item number TON
100 ## - MAIN ENTRY--PERSONAL NAME
Personal name Tonsing, T. Thanga
9 (RLIN) 11369
245 ## - TITLE STATEMENT
Title Khovel kidoupi nihna:
Remainder of title Part I /
Statement of responsibility, etc. T. Thanga Tonsing
260 ## - PUBLICATION, DISTRIBUTION, ETC.
Name of publisher, distributor, etc. Standard English School,
Place of publication, distribution, etc. Imphal:
Date of publication, distribution, etc. 2005
300 ## - PHYSICAL DESCRIPTION
Extent 288 p.;
Other physical details ill., maps,
Dimensions 21 cm.
650 ## - SUBJECT ADDED ENTRY--TOPICAL TERM
Topical term or geographic name entry element World War II
General subdivision History
9 (RLIN) 11370
942 ## - ADDED ENTRY ELEMENTS (KOHA)
Source of classification or shelving scheme Dewey Decimal Classification
Koha item type Books
Koha issues (borrowed), all copies 2
Holdings
Withdrawn status Lost status Source of classification or shelving scheme Damaged status Not for loan Collection Home library Current Library Shelving location Date acquired Total checkouts Full call number Barcode Date last seen Copy number Price effective from Koha item type Date last checked out
    Dewey Decimal Classification       GRACE BIBLE COLLEGE GRACE BIBLE COLLEGE Vernacular 2018-05-10   VER 940.53 TON 006914 2025-05-01 v.1 2018-05-10 Books  
    Dewey Decimal Classification       GRACE BIBLE COLLEGE GRACE BIBLE COLLEGE Vernacular 2018-08-21 2 VER 940.53 TON 002773 2025-05-01 v.1 c.2 2018-08-21 Books 2023-11-28
© Grace Bible College Library 2025